000 01110nam a2200277Ia 4500
003 OSt
005 20220918110957.0
006 a|||||r|||| 00| 0
007 ta
008 220915b |||||||| |||| 00| 0 hin d
020 _a9788124607428 (hbk)
_c625
024 _a17,364
037 _b186, 24/10/2014, Vidyanidhi Prakashan
_cReference Collections
040 _aARTS
_cARTS
_bhin
041 _2hin
_ahin
082 _aR6k, 152Q4(RR)
100 _aशशिप्रभा कुमार
_91695
245 0 _aदार्शनिक सम्प्रत्यय कोश
246 _aDārshanik sampratyaya kosha
260 _aनई दिल्ली
_bविशिष्ट संस्कृत अध्ययन कंेद्र भारत
_c2014
300 _a326पृ0
490 _aभारतीय बौद्धिक परम्परा; 1
650 _aभारतीय दर्शन
942 _hR6k, 152Q4(RR)
_cREF
999 _c116162
_d116162